Statistics for World Heavyweight Champions WWE

Click here to take the quiz!

General Stats

  • This quiz has been taken 229 times
  • The average score is 48 of 54

Answer Stats

Hint Answer % Correct
2002Triple H
98%
2004Randy Orton
97%
2007Edge
97%
2011The Big Show
96%
2007The Undertaker
96%
2006King Booker
95%
2002Shawn Michaels
94%
2005Batista
93%
2010Kane
92%
2008John Cena
91%
2006Rey Mysterio
90%
2008Cm Punk
89%
2013Alberto Del Rio
86%
2008Chris Jericho
83%
2006Kurt Angle
83%
2004Chris Benoit
83%
2011Mark Henry
83%
2009Jeff Hardy
81%
2012Sheamus
81%
2011Daniel Bryan
80%
2011Christian
78%
2011Dolph Ziggler
77%
2003Goldberg
77%
2007The Great Khali
70%
2010Jack Swagger
70%

Score Distribution

Percentile by Number Answered

Percent of People with Each Score

Your Score History

You have not taken this quiz